[Event "TCh-NOR Finals"]
[Site "Oslo NOR"]
[Date "2002.05.10"]
[Round "3"]
[White "Ostenstad,B"]
[Black "Hersvik,D"]
[Result "0-1"]
[WhiteElo "2438"]
[BlackElo "2271"]

1.d4 d5 2.c4 c6 3.Nf3 Nf6 4.Nc3 dxc4 5.a4 Bf5 6.e3 e6 7.Bxc4 Bb4 8.O-O Nbd7
9.Nh4 Bg6 10.Qb3 a5 11.Nxg6 hxg6 12.Rd1 Qc7 13.g3 O-O-O 14.Bf1 Rh5 15.Bd2 Rdh8
16.Nb5 Qb8 17.Bxb4 axb4 18.Qxb4 Rxh2 19.Bg2 Ng4 20.Nd6+ Kc7 21.Nxf7 Qf8 22.Qa5+ Kc8
23.Qg5 Rxg2+ 24.Kxg2 Rh2+ 25.Kg1 Qxf7 26.Qf4 Qxf4 27.exf4 Rxf2 28.Re1 Nf8
29.b4 Kc7 30.a5 Rb2 31.a6 bxa6 32.Rxa6 Kd6 33.Rc1 Kd5 34.Raxc6 Ne3 35.Rc7 Nh7
36.Re1 Kxd4 37.Rd7+ Ke4 38.Rxg7 Nf6 39.Rxg6 Nd5 40.Rxe6+ Kf3 41.Rg6 Nc3 42.f5 Ncd1
43.Kh1 Nf2+ 44.Kg1 Nfg4  0-1

[Event "TCh-NOR Finals"]
[Site "Oslo NOR"]
[Date "2002.05.10"]
[Round "3"]
[White "Sorgjerd,J"]
[Black "Hansen,Vi"]
[Result "1/2-1/2"]
[WhiteElo "2147"]
[BlackElo "2143"]

1.d4 d5 2.Nf3 Nf6 3.c4 c6 4.Nc3 dxc4 5.a4 Bf5 6.e3 e6 7.Bxc4 Bb4 8.O-O O-O
9.Qe2 Bg6 10.Ne5 Nbd7 11.Nxg6 hxg6 12.Rd1 Qe7 13.f3 Rfd8 14.a5 e5 15.Qc2 Nf8
16.dxe5 Bxc3 17.Rxd8 Rxd8 18.Qxc3 Rd1+ 19.Bf1 N6d7 20.Qc2 Rd5 21.f4 Qb4 22.a6 bxa6
23.Kf2 Nc5 24.Bc4 Rd7 25.Ke2 a5 26.b3 Qb6 27.Bd2 Nb7 28.f5 gxf5 29.Qxf5 c5
30.Rf1 Nd8 31.Rf3 Qg6 32.Bxa5 Qxg2+ 33.Rf2 Qh1 34.Rf1 Qxh2+ 35.Rf2 Qh1 36.Rf1 Qg2+
37.Rf2 Qg1 38.Rf1 Qh2+ 39.Rf2 Qg1 40.Rf1 Qg2+ 41.Rf2 Qg1  1/2-1/2

[Event "TCh-NOR Finals"]
[Site "Oslo NOR"]
[Date "2002.05.12"]
[Round "5"]
[White "Jansson,J"]
[Black "Thorstensen,T"]
[Result "1-0"]
[WhiteElo "2265"]
[BlackElo "2225"]

1.d4 d5 2.c4 c6 3.Nf3 Nf6 4.Nc3 dxc4 5.a4 Bf5 6.e3 e6 7.Bxc4 Bb4 8.O-O O-O
9.Qb3 Qe7 10.Ne5 c5 11.Na2 Nc6 12.Nxc6 bxc6 13.Nxb4 cxb4 14.f3 a5 15.e4 Bg6
16.Bg5 Qa7 17.Be3 Nd7 18.Rfd1 Kh8 19.d5 Nc5 20.Qc2 cxd5 21.Bb5 Rfc8 22.Rac1 dxe4
23.Bxc5 Qc7 24.fxe4 Qe5 25.Bd4 Rxc2 26.Bxe5 Rxc1 27.Rxc1 Bxe4 28.Rc7 f6 29.Bd4 h5
30.Bb6 e5 31.Ra7 Rc8 32.Bc7 Bd5 33.Bd7 Rf8 34.Bxa5 b3 35.Rc7 Kh7 36.Bf5+ Kg8
37.Bb4 Ra8 38.Rc8+ Rxc8 39.Bxc8 Kf7 40.a5 Ke8 41.a6 Kd8 42.Bb7 Bxb7 43.axb7 Kc7
44.Bf8 g6 45.Be7 f5 46.b8=Q+ Kxb8 47.Bd6+ Kb7 48.Bxe5 Kc6 49.h4  1-0

[Event "Tanta Open"]
[Site "Tanta City EGY"]
[Date "2002.05.16"]
[Round "4"]
[White "Halkias,S"]
[Black "Krivoshey,S"]
[Result "1/2-1/2"]
[WhiteElo "2566"]
[BlackElo "2472"]

1.d4 d5 2.c4 c6 3.Nf3 Nf6 4.Nc3 dxc4 5.a4 Bf5 6.Ne5 Nbd7 7.Nxc4 Qc7 8.Ne3 Bg6
9.g3 Rd8 10.Bg2 e5 11.O-O exd4 12.Qxd4 Bc5 13.Qh4 Ne5 14.Nc4 Rd4 15.Bf4 Rxc4
16.Bxe5 Rxh4 17.Bxc7 Rb4  1/2-1/2

[Event "4th Borowski C"]
[Site "Essen GER"]
[Date "2002.05.18"]
[Round "3"]
[White "Becker,Marce"]
[Black "Henrichs,T"]
[Result "1/2-1/2"]
[WhiteElo "2310"]
[BlackElo "2459"]

1.d4 d5 2.c4 c6 3.Nf3 Nf6 4.Nc3 dxc4 5.a4 Bf5 6.e3 e6 7.Bxc4 Bb4 8.O-O Nbd7
9.Nh4 Bg6 10.Qb3 Qb6 11.h3 a5 12.Rd1 Be7 13.Nxg6 Qxb3 14.Bxb3 hxg6 15.e4 Bb4
16.f3 O-O 17.Be3  1/2-1/2

[Event "Tanta Open"]
[Site "Tanta City EGY"]
[Date "2002.05.19"]
[Round "6"]
[White "Krivoshey,S"]
[Black "Vysochin,S"]
[Result "1/2-1/2"]
[WhiteElo "2472"]
[BlackElo "2545"]

1.d4 d5 2.c4 c6 3.Nf3 Nf6 4.Nc3 dxc4 5.a4 Bf5 6.e3 e6 7.Bxc4 Bb4 8.O-O Nbd7
9.Qe2 Bg6 10.e4 O-O 11.Bd3 Bh5 12.e5 Nd5 13.Nxd5 cxd5 14.h3  1/2-1/2

[Event "Guillermo Garcia TORRE"]
[Site "Santa Clara CUB"]
[Date "2002.05.28"]
[Round "9"]
[White "Garza Marco,S"]
[Black "Marzolo,C"]
[Result "0-1"]
[WhiteElo "2417"]
[BlackElo "2405"]

1.d4 d5 2.c4 c6 3.Nf3 Nf6 4.Nc3 dxc4 5.a4 Bf5 6.e3 e6 7.Bxc4 Bb4 8.O-O Nbd7
9.Nh4 Bg4 10.f3 Bh5 11.g4 Nd5 12.Ng2 Bg6 13.e4 Nxc3 14.Qb3 Qa5 15.bxc3 Bxc3
16.Bb2 Bxb2 17.Qxb2 O-O-O 18.Rfc1 Kb8 19.Ne3 h5 20.Bb5 Qb6 21.Nc4 Qc7 22.e5 f6
23.a5 fxe5 24.dxe5 Bd3 25.f4 cxb5 26.Nd6 Bc4 27.Qf2 Qc5  0-1

[Event "3rd IECC"]
[Site "Batumi GEO"]
[Date "2002.06.13"]
[Round "2"]
[White "Ataman,A"]
[Black "Shanava,K"]
[Result "0-1"]
[WhiteElo "2191"]
[BlackElo "2390"]

1.d4 d5 2.c4 c6 3.Nf3 Nf6 4.Nc3 dxc4 5.a4 Bf5 6.e3 e6 7.Bxc4 Bb4 8.O-O O-O
9.Qe2 Bg6 10.Ne5 Nbd7 11.Nxg6 hxg6 12.Na2 Bd6 13.b3 a5 14.Bb2 Qe7 15.Rfd1 Nb6
16.e4 e5 17.f4 Nxc4 18.Qxc4 exf4 19.e5 Ng4 20.Qe2 Qe6 21.Qf3 Be7 22.Qxf4 Qxb3
23.Qxg4 Qxb2 24.e6 Qb3 25.exf7+ Rxf7 26.Nc1 Qe3+ 27.Kh1 Bd6 28.Ne2 Raf8 29.Ng1 Rf4
30.Qxg6 R8f6 31.Qd3 Rh4 32.Nh3 Qxd3 33.Rxd3 g5 34.Nxg5 Rxh2+ 35.Kg1 Rg6 36.Rh3 Rxg5
37.Rxh2 Bxh2+ 38.Kxh2 Rd5 39.Rd1 b5 40.Rc1 Rxd4 41.Rxc6 Rxa4 42.Rb6 Rb4 43.Ra6 a4
44.Ra5 Rb3  0-1

[Event "3rd IECC"]
[Site "Batumi GEO"]
[Date "2002.06.13"]
[Round "2"]
[White "Sturua,Z"]
[Black "Atakisi,U"]
[Result "1-0"]
[WhiteElo "2565"]
[BlackElo "2358"]

1.d4 d5 2.c4 c6 3.Nf3 Nf6 4.Nc3 dxc4 5.a4 Bf5 6.e3 e6 7.Bxc4 Bb4 8.O-O O-O
9.Nh4 Bg4 10.f3 Nd5 11.fxg4 Qxh4 12.Qf3 Nd7 13.Bd2 a5 14.Rad1 Qe7 15.Bb3 N5b6
16.h3 Rad8 17.Bc1 Kh8 18.Bc2 f5 19.Qe2 fxg4 20.Qxg4 Nd5 21.Ne2 Bd6 22.Qh5 N5f6
23.Qh4 c5 24.Nc3 h6 25.Bb3 Nb6 26.Nb5 Bb8 27.Bd2 cxd4 28.exd4 Nbd5 29.Rf3 b6
30.Re1 Qd7 31.Bc2 Rc8 32.Bb1 Kg8 33.Ref1 e5 34.Bf5 Qe7 35.Bxc8 Rxc8 36.Nc3 Rxc3
37.bxc3 e4 38.Rxf6 gxf6 39.Qg4+ Kf7 40.Qh5+ Ke6 41.Qf5+ Kd6 42.c4  1-0

[Event "6th Open"]
[Site "Voronezh RUS"]
[Date "2002.06.13"]
[Round "2"]
[White "Gleizerov,E"]
[Black "Kotanjian,T"]
[Result "0-1"]
[WhiteElo "2581"]
[BlackElo "2388"]

1.d4 d5 2.c4 c6 3.Nf3 Nf6 4.Nc3 dxc4 5.a4 Bf5 6.e3 e6 7.Bxc4 Bb4 8.O-O Nbd7
9.Nh4 O-O 10.Nxf5 exf5 11.Qc2 g6 12.f3 Rc8 13.Na2 Be7 14.b4 Nb6 15.Bb3 f4
16.a5 Nbd5 17.e4 Nxb4 18.Qc3 c5 19.d5 Nfxd5 20.exd5 Bf6 21.Qc4 Bxa1 22.Nxb4 cxb4
23.Qxb4 Bc3 24.Qxf4 Qxa5 25.Be3 Qb4 26.Qxb4 Bxb4 27.Bxa7 Rc3 28.Rb1 Ra8 29.Bd4 Bc5  0-1

[Event "6th Open"]
[Site "Voronezh RUS"]
[Date "2002.06.18"]
[Round "6"]
[White "Khusnutdinova,L"]
[Black "Amonatov,F"]
[Result "0-1"]
[WhiteElo "2250"]
[BlackElo "2453"]

1.d4 d5 2.Nf3 Nf6 3.c4 c6 4.Nc3 dxc4 5.a4 Bf5 6.e3 e6 7.Bxc4 Bb4 8.O-O O-O
9.Qe2 Ne4 10.Nxe4 Bxe4 11.Nd2 Bg6 12.Nb3 Nd7 13.e4 Qe7 14.f3 Kh8 15.Bd2 e5
16.Rad1 Rad8 17.Be3 f5 18.exf5 Bxf5 19.d5 cxd5 20.Rxd5 Rc8 21.Rdd1 Nf6 22.Rc1 e4
23.Bd4 Rcd8 24.Kh1 b6 25.Bc3 Bxc3 26.Rxc3 Qb4 27.Rcc1 exf3 28.Qxf3 Be4 29.Qc3 Qxa4
30.Nd4 Nd5 31.Rxf8+ Rxf8 32.Bxd5 Bxd5 33.Nf5 Qg4 34.Ne3 Qe2 35.h3 Ba8 36.Re1 Qf2
37.Kh2 Qf4+ 38.Kg1 Qg3 39.Re2 h6 40.Qd4 Qg5 41.Ng4 Rd8 42.Qa4 Qc1+ 43.Kh2 Bc6
44.Qb4 Qd1 45.Re7 Qd2 46.Qxd2 Rxd2 47.Ne5 Rxg2+ 48.Kh1 Rc2+ 49.Kg1 Bd5 50.b4 a5
51.Ng6+ Kg8 52.Nf4 Bf7 53.bxa5 bxa5 54.Ra7  0-1

[Event "3rd IECC"]
[Site "Batumi GEO"]
[Date "2002.06.20"]
[Round "8"]
[White "Kamadadze,Z"]
[Black "Shanava,K"]
[Result "0-1"]
[WhiteElo "2225"]
[BlackElo "2390"]

1.d4 d5 2.c4 c6 3.Nf3 Nf6 4.Nc3 dxc4 5.a4 Bf5 6.Ne5 Nbd7 7.Nxc4 Nb6 8.Ne5 a5
9.g3 Nfd7 10.Nf3 g6 11.e4 Bg4 12.h3 Bxf3 13.Qxf3 e5 14.dxe5 Nxe5 15.Qe2 Bc5
16.Bf4 Qe7 17.Bg2 O-O 18.O-O f6 19.Kh2 Rad8 20.Rad1 Rxd1 21.Rxd1 Rd8 22.Qc2 Rxd1
23.Nxd1 Bd4 24.Be3 Bxe3 25.Nxe3 Qb4 26.b3 Qd4 27.h4 Nbd7 28.h5 Nc5 29.hxg6 hxg6
30.Qe2 Kg7 31.Qc2 Ncd3 32.Qd2 Qb4 33.Qe2 Qxb3 34.Nd1 Nc4 35.f4 Nc5 36.Nf2 Qc3
37.Ng4 Qd3 38.Qe1 Ne6 39.Qa1 Nd4 40.e5 f5 41.Nf2 Qd2 42.Kg1 Ne3 43.Qa3 Kf7
44.Qc5 Qe1+ 45.Kh2 Qxf2  0-1

[Event "Essent ch-NED w"]
[Site "Leeuwarden NED"]
[Date "2002.06.21"]
[Round "3"]
[White "Bensdorp,M"]
[Black "Hamelink,D"]
[Result "1/2-1/2"]
[WhiteElo "2125"]
[BlackElo "2105"]

1.d4 d5 2.c4 c6 3.Nf3 Nf6 4.Nc3 dxc4 5.a4 Bf5 6.e3 e6 7.Bxc4 Bb4 8.O-O O-O
9.Nh4 Nbd7 10.Nxf5 exf5 11.Qf3 g6 12.Rd1 Nb6 13.Bb3 Nbd5 14.Bd2 Ba5 15.Rac1 Bb6
16.Be1 Qd6 17.Nxd5 cxd5 18.a5 Bc7 19.Qg3 Rac8  1/2-1/2

[Event "IV Shakkinet A"]
[Site "Helsinki FIN"]
[Date "2002.06.26"]
[Round "3"]
[White "Solozhenkin,E"]
[Black "Hansen,Vi"]
[Result "1-0"]
[WhiteElo "2499"]
[BlackElo "2143"]

1.d4 d5 2.c4 c6 3.Nf3 Nf6 4.Nc3 dxc4 5.a4 Bf5 6.Nh4 Bc8 7.e3 e5 8.Bxc4 exd4
9.exd4 Be7 10.O-O O-O 11.Re1 Na6 12.Nf3 Nc7 13.Bf4 Bd6 14.Be5 Bf5 15.h3 Nfd5
16.Qb3 Nb4 17.Ne4 Bxe4 18.Rxe4 b5 19.axb5 cxb5 20.Bf1 a6 21.Rg4 Bxe5 22.dxe5 Nbd5
23.Rd1 Qd7 24.Ng5 Qc6 25.Qd3 Qh6 26.Qg3 f6 27.exf6 Qxf6 28.Bd3 g6 29.Nxh7  1-0

[Event "30th World Open"]
[Site "Philadelphia USA"]
[Date "2002.07.01"]
[Round "3"]
[White "Zaremba,An"]
[Black "Morovic Fernandez,I"]
[Result "1/2-1/2"]
[WhiteElo "2337"]
[BlackElo "2556"]

1.d4 d5 2.Nf3 Nf6 3.c4 c6 4.Nc3 dxc4 5.a4 Bf5 6.Ne5 Nbd7 7.Nxc4 Qc7 8.Qb3 e5
9.e3 Be6 10.Be2 Be7 11.O-O O-O 12.Rd1 exd4 13.exd4 Rad8 14.Qc2 Nb6 15.Ne5 Nbd5
16.Bg5 Nb4 17.Qd2 a5 18.Ra3 Na6 19.Raa1 Nc5 20.Qe3 Nb3 21.Rab1 Bf5 22.Bd3 Nxd4
23.Bxf5 Nxf5 24.Qf4 Qc8 25.Nc4 Rxd1+ 26.Rxd1 h6 27.Bxf6 Bxf6 28.Nxa5 Re8
29.Qb4 Qd7 30.Rf1 Qc7 31.Nb3 Rd8 32.a5 Nd4 33.Nxd4 Bxd4 34.g3 c5 35.Qb5 Bxc3  1/2-1/2

[Event "IV Shakkinet A"]
[Site "Helsinki FIN"]
[Date "2002.07.03"]
[Round "10"]
[White "Solozhenkin,E"]
[Black "Karttunen,M"]
[Result "1/2-1/2"]
[WhiteElo "2499"]
[BlackElo "2429"]

1.d4 d5 2.c4 c6 3.Nf3 Nf6 4.Nc3 dxc4 5.a4 Bf5 6.Nh4 Bc8 7.e3 e5 8.Bxc4 exd4
9.exd4 Be7 10.O-O O-O 11.Re1 Na6 12.Nf3 Nc7 13.Bf4 Ncd5 14.Bxd5 Nxd5 15.Nxd5 cxd5
16.Qb3 b6 17.Rac1 Be6 18.Bc7 Qe8 19.h3 Rc8 20.Rc3 Kh8 21.Ne5 Bf6 22.Bd6 Rg8
23.Rec1 Rxc3 24.Rxc3 Bxe5 25.Bxe5 f6 26.Bg3 Qa8 27.Qb4 Rc8 28.Bc7 Kg8 29.Qd6 Re8
30.b4 Qc8 31.b5 Bf7 32.Qf4 Re4 33.Qd2 Qe8 34.Bg3 h5 35.h4 Re2 36.Qf4 Ra2
37.Qc1 Qe4 38.Qd1 Bg6 39.Kh2 Qb1 40.Qf3 Qe4 41.Qd1 Qb1 42.Qf3 Qe4 43.Qd1  1/2-1/2

[Event "XX Open"]
[Site "Andorra la Vella AND"]
[Date "2002.07.09"]
[Round "4"]
[White "Lopez Martinez,J"]
[Black "Bannink,B"]
[Result "1-0"]
[WhiteElo "2452"]
[BlackElo "2261"]

1.Nf3 d5 2.d4 Nf6 3.c4 c6 4.Nc3 dxc4 5.a4 Bf5 6.e3 e6 7.Bxc4 Bb4 8.O-O Nbd7
9.Qe2 Bg6 10.Bd3 Qa5 11.e4 O-O 12.Na2 Be7 13.h3 Rad8 14.Bf4 c5 15.dxc5 Bxc5
16.b4 Bxb4 17.Nxb4 Qxb4 18.Rfb1 Qc5 19.Rxb7 Nb8 20.Rab1 Rxd3 21.Qxd3 Bxe4
22.Qd6 Nbd7 23.R7b5 Qxd6 24.Bxd6 Rc8 25.R1b3 h6 26.Ne5 Rc1+ 27.Kh2 Rd1 28.Nxd7 Nxd7
29.Bg3 a6 30.Ra5 Kh7 31.Rc3 Bd3 32.Rc7 Be2 33.Rc2 Bf1 34.Bf4 Kg6 35.Rc7 Rd4
36.Be3 Rd6 37.Rc1 Be2 38.Re1 Bc4 39.Rc1 Rd5 40.Rxd5 exd5 41.Rb1 Nf8 42.g4 h5
43.f4 hxg4 44.hxg4 f6 45.Rb7 Kh7 46.f5 Kg8 47.g5 g6 48.gxf6 gxf5 49.Rg7+ Kh8
50.Bd4 f4 51.f7 Nd7 52.Rg8+ Kh7 53.Rd8 Nf8 54.Rxf8 Kg6 55.a5  1-0

[Event "FSIMA July"]
[Site "Budapest HUN"]
[Date "2002.07.09"]
[Round "4"]
[White "Le Kieu Thien Kim"]
[Black "Hajnal,Z"]
[Result "1/2-1/2"]
[WhiteElo "2256"]
[BlackElo "2377"]

1.d4 d5 2.Nf3 Nf6 3.c4 c6 4.Nc3 dxc4 5.a4 Bf5 6.e3 e6 7.Bxc4 Bb4 8.O-O O-O
9.Qe2 Nbd7 10.e4 Bg6 11.Bd3 Bh5 12.e5 Nd5 13.Ne4 c5 14.Bg5 Qc7 15.Rfc1 h6
16.Be3 Qd8 17.Ng3 cxd4 18.Bxd4 Bg6 19.Bxg6 fxg6 20.Qe4 g5 21.Be3 Qe7 22.h3 Nc5
23.Bxc5 Bxc5 24.Qc2 Bb4 25.Ne2 Rf7 26.Ned4 Raf8 27.a5 a6 28.Ra4 Qd7 29.Qb3 Be7
30.Rd1 Nf4 31.Kh2 Bc5 32.Rc4 Qe7 33.Rc2 Ba7 34.Rdd2 h5 35.g3 Ng6 36.Qxe6 Qxe6
37.Nxe6 Rxf3 38.Nxf8 Rxf8 39.e6 Re8 40.Rd7 Rxe6 41.Rxb7 Bd4 42.Rd2 Ne5 43.Kg2 Nc6
44.Rd7 Be5 45.Re2 Nxa5 46.Rd5 Nc6 47.Rc5 Kf7 48.Rxc6 Rxc6 49.Rxe5 Kf6 50.Ra5 Rb6
51.Kf3 Rb3+ 52.Ke4 Rb4+ 53.Ke3 Rb3+ 54.Ke4 Rb4+ 55.Ke3  1/2-1/2

[Event "Open"]
[Site "Oberwart AUT"]
[Date "2002.07.09"]
[Round "5"]
[White "Miniboeck,G"]
[Black "Wadsack,Wo"]
[Result "1-0"]
[WhiteElo "2348"]
[BlackElo "2165"]

1.Nf3 d5 2.d4 Nf6 3.c4 dxc4 4.Nc3 c6 5.a4 Bf5 6.e3 e6 7.Bxc4 Bb4 8.O-O O-O
9.Nh4 Bg4 10.f3 Bh5 11.g4 Nd5 12.Ng2 Bg6 13.Na2 Be7 14.e4 Nb6 15.Bb3 c5 16.a5 N6d7
17.d5 exd5 18.Bxd5 Qc8 19.g5 Kh8 20.f4 f6 21.f5 Be8 22.g6 Ne5 23.Qh5 Nxg6
24.fxg6 Bxg6 25.Qh4 Qd7 26.Nc3 Nc6 27.Nf4 Bf7 28.Bxf7 Rxf7 29.Ng6+ Kg8 30.Nxe7+ Qxe7
31.Be3 Re8 32.Qf2 b6 33.axb6 axb6 34.Rfe1 Ne5 35.Qg2 Qb7 36.Rad1 f5 37.Kh1 f4
38.Bf2 c4 39.Rd6 Nd3 40.Rf1 b5 41.Bd4 Qe7 42.Ra6 Qh4 43.Nxb5 f3 44.Qg3 Qxe4
45.Nd6 Qe2 46.Raa1 Qg2+ 47.Qxg2 fxg2+ 48.Kxg2 Re2+ 49.Kg1 Rxf1+ 50.Kxf1  1-0

[Event "Open"]
[Site "Oberwart AUT"]
[Date "2002.07.09"]
[Round "5"]
[White "Zsinka,L"]
[Black "Wanderer,T"]
[Result "1-0"]
[WhiteElo "2359"]
[BlackElo "2175"]

1.d4 d5 2.c4 c6 3.Nc3 Nf6 4.Nf3 dxc4 5.a4 Bf5 6.e3 e6 7.Bxc4 Nbd7 8.O-O Bd6
9.Re1 Ne4 10.Bd3 Nxc3 11.bxc3 Bxd3 12.Qxd3 O-O 13.e4 Qc7 14.e5 Be7 15.Bg5 Qd8
16.Bd2 c5 17.Qe4 cxd4 18.cxd4 Rb8 19.Rab1 b6 20.Qg4 Kh8 21.Rb3 Rc8 22.Qh4 f5
23.exf6 Nxf6 24.Qh3 Qe8 25.Rb5 Nd5 26.Rxe6 Nc7 27.Ng5 h5 28.Rxe7 Qg6 29.Nf7+ Kg8
30.Rxh5  1-0

[Event "3rd Stage Russian Cup"]
[Site "Tomsk RUS"]
[Date "2002.07.09"]
[Round "2"]
[White "Afanasiev,N"]
[Black "Frolov,D"]
[Result "0-1"]
[WhiteElo "2184"]
[BlackElo "2459"]

1.d4 d5 2.c4 c6 3.Nc3 Nf6 4.Nf3 dxc4 5.a4 Bf5 6.e3 e6 7.Bxc4 Bb4 8.O-O Nbd7
9.Qb3 Qb6 10.Bd2 a5 11.h3 Be7 12.Rfe1 Qxb3 13.Bxb3 Ne4 14.Nxe4 Bxe4 15.Bc3 Bxf3
16.gxf3 O-O 17.Kf1 Nf6 18.Ke2 Rfd8 19.Rac1 Nd5 20.Red1 g6 21.f4 f5 22.Bd2 Kf7
23.Rc2 h6 24.Rcc1 g5 25.fxg5 hxg5 26.Rg1 Rh8 27.Rg3 Rh5 28.Rcg1 Rah8 29.Bxa5 Rxh3
30.Rxh3 Rxh3 31.Bxd5 exd5 32.Bc7 Ke6 33.Rb1 Bb4 34.Rg1 g4 35.Rd1 Bd6 36.Bxd6 Kxd6
37.b4 Rh2 38.Rg1 Kc7 39.Rf1 Kb6 40.Rg1 Kc7 41.Kf1 Kd6 42.Ke2 Ke6 43.Rf1 Kf6
44.Kd3 Kg5 45.a5 Kh4 46.b5 cxb5 47.Rb1 Rxf2 48.Rxb5 g3 49.Rxb7 Ra2 50.Rg7 Rxa5
51.Ke2 Ra2+ 52.Kf1 Kh3 53.Rh7+ Kg4 54.Rf7 g2+ 55.Kg1 Kg3 56.Rg7+ Kf3 57.Kh2 Kxe3  0-1

[Event "ch-NOR"]
[Site "Roros NOR"]
[Date "2002.07.12"]
[Round "8"]
[White "Gausel,E"]
[Black "Bae,T"]
[Result "1-0"]
[WhiteElo "2504"]
[BlackElo "2351"]

1.d4 d5 2.c4 c6 3.Nf3 Nf6 4.Nc3 dxc4 5.a4 Bf5 6.e3 e6 7.Bxc4 Bb4 8.O-O O-O
9.Nh4 Ne8 10.Nxf5 exf5 11.Qb3 Qe7 12.f3 Nf6 13.e4 Na6 14.e5 Nd7 15.f4 Nb6
16.Bd3 Qe6 17.Qc2 g6 18.a5 Nd5 19.Nxd5 Qxd5 20.Be3 Bxa5 21.Bc4 Nb4 22.Qb3 Qd8
23.e6 Nd5 24.Bxd5 cxd5 25.e7  1-0

[Event "Dutch Open"]
[Site "Dieren NED"]
[Date "2002.07.16"]
[Round "7"]
[White "Janssen,R"]
[Black "Savchenko,S"]
[Result "1/2-1/2"]
[WhiteElo "2468"]
[BlackElo "2537"]

1.d4 d5 2.c4 c6 3.Nf3 Nf6 4.Nc3 dxc4 5.a4 Bf5 6.Ne5 Nbd7 7.Nxc4 Nb6 8.Ne5 a5
9.f3 Nfd7 10.e4 Bg6 11.Be3 Nxe5 12.dxe5 Qxd1+ 13.Rxd1 Nd7 14.h4 h5 15.e6 fxe6
16.g3 e5 17.Bh3 Nf6 18.Bb6 Bf7 19.Bc7 Bb3 20.Rd2 e6 21.Bxe5 Bb4 22.Bd6 Bxd6
23.Rxd6 Rd8 24.Rxd8+ Kxd8 25.Ne2 Ke7 26.Nd4 Bc4 27.Kd2 Rd8 28.Kc3 Ba6 29.Bf1 Bxf1
30.Rxf1 Nd7 31.b3 g6 32.Re1 e5 33.Nc2 Nc5 34.Re3 Rd1 35.b4 axb4+ 36.Kxb4 Ne6
37.Rb3 Rc1 38.Kc3 Rxc2+ 39.Kxc2 Nd4+ 40.Kc3 Nxb3 41.Kxb3 b6 42.Kb4 Kd6 43.f4 Kc7
44.a5 bxa5+ 45.Kxa5 Kd7 46.Kb4 Kd6 47.Kc4 Ke6 48.Kc5  1/2-1/2

[Event "Open Aegean Ch"]
[Site "Ikaros GRE"]
[Date "2002.07.16"]
[Round "4"]
[White "Antic,D"]
[Black "Kokolias,K"]
[Result "1/2-1/2"]
[WhiteElo "2496"]
[BlackElo "2113"]

1.d4 d5 2.c4 c6 3.Nf3 Nf6 4.Nc3 dxc4 5.a4 Bf5 6.e3 e6 7.Bxc4 Bb4 8.O-O O-O
9.Qe2 Nbd7 10.e4 Bg6 11.Bd3 Bh5 12.e5 Nd5 13.Ne4 Be7 14.Ng3 Bg6 15.Bxg6 hxg6
16.Ne4 c5 17.Neg5 cxd4 18.Qe4 Re8 19.Qxd4 Rc8 20.Bd2 Qb6 21.Qh4 Nf8 22.a5 Qb3
23.Ra4 Rc2 24.Rg4 Qxb2 25.Qh3 Bxg5 26.Bxg5 f6 27.exf6 gxf6 28.Bh6 f5 29.Rh4 Rec8
30.Nd4 R8c3 31.g3 Nh7 32.Bd2 Rxd2 33.Rxh7 Nf6 34.Rh8+ Kf7 35.Qh6 Qb4 36.Rh7+ Nxh7
37.Qxh7+ Kf6 38.Qh8+ Kf7 39.Nxe6 Kxe6 40.Re1+ Kd5 41.Qg8+ Kd4 42.Qxg6 Qc5
43.Qe8 Kc4 44.Qa4+ Qb4 45.Qe8 Rd5 46.a6 b5 47.Qe2+ Rcd3 48.Rc1+ Kd4 49.Qh5 Qe7
50.Qh8+ Re5 51.f4 Rd2 52.Re1 Kc4 53.Rxe5 Qc7 54.Re3 Kb4 55.Qf8+ Qc5 56.Qxc5+ Kxc5
57.h4 b4 58.Kf1 Kc4 59.Ke1 Rd7 60.Re2 Kc3 61.Re3+ Kc2 62.Re2+ Kc1 63.Re3 Kc2
64.Re2+ Kc1 65.Re3  1/2-1/2

[Event "TCh-POL Jun"]
[Site "Laczna POL"]
[Date "2002.07.16"]
[Round "2"]
[White "Lagowski,P"]
[Black "Stachowiak,K"]
[Result "1/2-1/2"]
[WhiteElo "2320"]
[BlackElo "2152"]

1.d4 d5 2.c4 c6 3.Nf3 Nf6 4.Nc3 dxc4 5.a4 Bf5 6.e3 e6 7.Bxc4 Bb4 8.O-O O-O
9.Bd3 Bxd3 10.Qxd3 Nbd7 11.Rd1 Qc7 12.e4 e5 13.Bg5 exd4 14.Qxd4 Bxc3 15.bxc3 Rfe8
16.Bxf6 Nxf6 17.e5 Red8 18.Qh4 Nd5 19.c4 Ne7 20.Re1 Ng6 21.Qe4 Re8 22.c5 Qa5
23.Rac1 Rad8 24.h4 Rd5 25.h5 Nxe5 26.Nxe5 Rdxe5 27.Qxe5 Rxe5 28.Rxe5 h6 29.Re8+ Kh7
30.Re7 Qxa4 31.Rxb7 Qa3 32.Rbb1 a5 33.Ra1 Qb4 34.Rab1 Qe4 35.Ra1 Qb4 36.Ra2 a4
37.Rca1 Qxc5 38.Rxa4 Qxh5 39.Rc4 Qe5 40.Rac1 Qf5 41.Rxc6 h5 42.R6c3  1/2-1/2

[Event "1st Open"]
[Site "Condom FRA"]
[Date "2002.07.18"]
[Round "8"]
[White "Laurain,D"]
[Black "Zaninetti,L"]
[Result "1/2-1/2"]
[WhiteElo "2116"]
[BlackElo "2041"]

1.d4 d5 2.c4 c6 3.Nf3 Nf6 4.Nc3 dxc4 5.a4 Bf5 6.e3 e6 7.Bxc4 Bb4 8.O-O O-O
9.Ne5 Nbd7 10.Nxd7 Qxd7 11.f3 Rfd8 12.Qe2 Bg6 13.Rd1 Qc7 14.e4 Nd7  1/2-1/2

[Event "US Junior"]
[Site "Dallas USA"]
[Date "2002.07.18"]
[Round "1"]
[White "Pixton,A"]
[Black "Fernandez,D"]
[Result "1-0"]
[WhiteElo "2432"]
[BlackElo "2290"]

1.d4 d5 2.c4 c6 3.Nf3 Nf6 4.Nc3 dxc4 5.a4 Bf5 6.Nh4 Bc8 7.e3 e5 8.Bxc4 exd4
9.exd4 Be7 10.O-O O-O 11.Re1 Na6 12.Bg5 Nc7 13.Qb3 Rb8 14.Nf3 Be6 15.Rad1 Bxc4
16.Qxc4 Re8 17.Bf4 Rc8 18.Bxc7 Qxc7 19.Re2 a5 20.Rde1 Bb4 21.Nd5 Rxe2 22.Nxf6+ gxf6
23.Rxe2 Qf4 24.Qc2 Kh8 25.Re4 Qh6 26.g3 Rg8 27.Kg2 Qh5 28.Rf4 Qg6 29.Qe2 Bd6
30.Re4 f5 31.Re8 f4 32.Nh4 Qf6 33.Rxg8+ Kxg8 34.Qg4+ Kf8 35.Qc8+ Kg7 36.Nf5+ Kg6
37.g4 f3+ 38.Kxf3  1-0

[Event "24th Politiken Cup"]
[Site "Copenhagen DEN"]
[Date "2002.07.20"]
[Round "6"]
[White "Palo,D"]
[Black "Hector,J"]
[Result "1/2-1/2"]
[WhiteElo "2394"]
[BlackElo "2562"]

1.d4 d5 2.c4 c6 3.Nf3 Nf6 4.Nc3 dxc4 5.a4 Bf5 6.e3 e6 7.Bxc4 Bb4 8.O-O Nbd7
9.Qe2 Bg4 10.Rd1 Qa5 11.Bd2 O-O 12.h3 Bxf3 13.Qxf3 e5 14.Qf5 Rad8 15.Be1 Nb6
16.Bb3 exd4 17.Qxa5 Bxa5 18.Rxd4 Rxd4 19.exd4 Rd8 20.Rd1 Kf8 21.f3 Nc8 22.Bf2 Ne7
23.Ne4 Nfd5 24.Nc5 Bb4 25.Bc2 b6 26.Nd3 Bd6 27.Ne5 f6 28.Nc4 Bc7 29.Be4 a5
30.Ne3 Nb4 31.g3 g6 32.f4 Kf7 33.Kg2 h6 34.Bf3 Bb8 35.h4 Bc7 36.Be1 Nbd5
37.Nxd5 cxd5 38.b4 axb4 39.Bxb4 Bd6 40.Rb1 h5 41.Bd2 Rb8 42.Rb5 Ke6 43.Kf2 Ra8
44.f5+ gxf5 45.Rxb6 Rxa4 46.Bf4 Nc8 47.Rc6 Kd7 48.Rxc8 Ra2+ 49.Be2 Bxf4 50.Rc3 Bb8
51.Kf1 f4 52.gxf4 Ke6 53.Bxh5 Rd2 54.Bg4+ f5 55.Rc6+ Kd7 56.Rc2 Rxd4 57.Bxf5+ Ke7
58.h5 Rxf4+ 59.Rf2 Rh4 60.Bg6 Bf4 61.Ke2 Kd6 62.Kd3 Rh3+ 63.Ke2 Ke5 64.Rf3 Rh4
65.Rd3 Rh2+ 66.Kf3 d4 67.Kg4 Rh1 68.Rh3 Rg1+ 69.Kf3 Bh6 70.Ke2 Rg2+ 71.Kd3 Rb2
72.Rf3 Bf4 73.Kc4 Rd2 74.Rb3 Bh6 75.Rb5+ Kf4 76.Rf5+ Kg3 77.Rd5 Be3 78.h6  1/2-1/2

[Event "24th Politiken Cup"]
[Site "Copenhagen DEN"]
[Date "2002.07.21"]
[Round "7"]
[White "Henriksen,G"]
[Black "Hanley,C"]
[Result "0-1"]
[WhiteElo "2209"]
[BlackElo "2331"]

1.d4 d5 2.Nf3 Nf6 3.c4 c6 4.Nc3 dxc4 5.a4 Bf5 6.e3 e6 7.Bxc4 Bb4 8.O-O O-O
9.Bd3 Bg6 10.Bxg6 hxg6 11.Qb3 Qe7 12.e4 Na6 13.e5 Nd5 14.Ne4 f6 15.Bd2 Bxd2
16.Nfxd2 Rad8 17.exf6 gxf6 18.Rfe1 Kg7 19.Nc3 Rh8 20.Nxd5 Rxd5 21.Nf3 b6
22.Qc4 Nb4 23.Re3 a5 24.Rae1 Re8 25.h3 Kf7 26.Rc3 Qd6 27.Kf1 Qf4 28.Qe2 Rf5
29.Kg1 Qd6 30.Qc4 Rf4 31.Qe2 Nd5 32.Rb3 c5 33.dxc5 Qxc5 34.Rb5 Qc6 35.b3 Nc3
36.Qe3 Rxf3 37.gxf3 Nxb5 38.axb5 Qxb5 39.Rc1 g5  0-1

[Event "24th Politiken Cup"]
[Site "Copenhagen DEN"]
[Date "2002.07.21"]
[Round "7"]
[White "Romsdal,T"]
[Black "Tozer,R"]
[Result "1/2-1/2"]
[WhiteElo "2205"]
[BlackElo "2312"]

1.d4 Nf6 2.c4 c6 3.Nc3 d5 4.Nf3 dxc4 5.a4 Bf5 6.e3 e6 7.Bxc4 Bb4 8.O-O O-O
9.Qe2 Bg6 10.Bd3 Bxd3 11.Qxd3 Nbd7 12.Rd1 Qa5 13.e4 e5 14.Bg5 Be7 15.d5 Rfd8
16.dxc6 bxc6 17.Nh4 g6 18.Nf3 Rab8 19.Qc4 Rxb2 20.Qxc6 Nb8 21.Qc4 Rb4 22.Qe2 Kg7
23.Rxd8 Bxd8 24.Qd2 Nbd7 25.h3 Bb6 26.Bh6+ Kg8 27.Rc1 Rc4 28.Ng5 Bd4 29.Nd5 Rxc1+
30.Qxc1 Qc5 31.Nxf6+ Nxf6 32.Qd2 Nd7 33.Kh2 Nf8 34.Qa2 Qe7 35.Kg1 Ne6 36.Qd5 Nf8
37.h4 Qf6 38.Qa2 Ne6 39.Nxe6 Qxe6 40.Qxe6  1/2-1/2

[Event "25th Open"]
[Site "Ghent BEL"]
[Date "2002.07.22"]
[Round "6"]
[White "Safin,S"]
[Black "Rudolph,J"]
[Result "0-1"]
[WhiteElo "2525"]
[BlackElo "2260"]

1.d4 d5 2.c4 c6 3.Nf3 Nf6 4.Nc3 dxc4 5.a4 Bf5 6.e3 e6 7.Bxc4 Bb4 8.O-O Nbd7
9.Bd2 Bg6 10.Ne4 Bxd2 11.Nexd2 O-O 12.a5 Qe7 13.Qb3 Rab8 14.Rfe1 Ne4 15.Nxe4 Bxe4
16.Nd2 Bd5 17.Bxd5 exd5 18.Qc3 a6 19.b4 Nf6 20.f3 Rbd8 21.Nb3 Rfe8 22.Nc5 Qc7
23.Rad1 Re7 24.Re2 Rde8 25.Qe1 Nd7 26.Nd3 Qd6 27.Qf2 Qh6 28.Rde1 Qg6 29.Nc1 Qb1
30.Na2 Qd3 31.g3 h6 32.Kg2 Qa3 33.g4 Qd3 34.Nc1 Qb1 35.Rb2 Qg6 36.Rb3 h5
37.h3 hxg4 38.hxg4 Qg5 39.Kf1 Re6 40.Ke2 f5 41.gxf5 Qxf5 42.Rd3 Rf8 43.Nb3 Rh6
44.Rg1 Rh3 45.Kd2 Qh5 46.Rg2 Nf6 47.Qg1 Rf7 48.Rg5 Rh2+ 49.Ke1 Qh7 50.Qg3  0-1

[Event "KB Czech Open"]
[Site "Pardubice CZE"]
[Date "2002.07.22"]
[Round "4"]
[White "Gutman,G"]
[Black "Arutunian,D"]
[Result "1/2-1/2"]
[WhiteElo "2518"]
[BlackElo "2420"]

1.d4 d5 2.Nf3 Nf6 3.c4 c6 4.Nc3 dxc4 5.a4 Bf5 6.Nh4 e6 7.Nxf5 exf5 8.e3 Bb4
9.Bxc4 O-O 10.Bd2 Nbd7 11.Qf3 g6 12.h3 Qa5 13.O-O Rae8 14.Rfd1 Kg7 15.Be1  1/2-1/2